ՀՀ Գիտությունների ազգային ակադեմիայի հիմնարար գիտական գրադարան  =   Fundamental Scientific Library of NAS RA

Проективография : (Record no. 141099)

MARC details
000 -LEADER
fixed length control field 01330nam a2200217 u 4500
001 - CONTROL NUMBER
control field 000369033
003 - CONTROL NUMBER IDENTIFIER
control field AM-YeHGA
005 - DATE AND TIME OF LATEST TRANSACTION
control field 20250617131841.0
008 - FIXED-LENGTH DATA ELEMENTS--GENERAL INFORMATION
fixed length control field 041013s1976 ||||||||||||||||||||rus d
040 ## - CATALOGING SOURCE
Original cataloging agency AM-YeHGA
041 0# - LANGUAGE CODE
Language code of text/sound track or separate title rus
090 ## - LOCALLY ASSIGNED LC-TYPE CALL NUMBER (OCLC); LOCAL CALL NUMBER (RLIN)
-- 142479
100 1# - MAIN ENTRY--PERSONAL NAME
Personal name Гамаюнов, В.Н.
245 10 - TITLE STATEMENT
Title Проективография :
Remainder of title Геометрические основы художественного конструирования : Курс лекций /
Statement of responsibility, etc. В.Н. Гамаюнов ; М-во просвещения РСФСР ; Московский Государственный педагогический ин-т им. В.И. Ленина, Кафедра прикладного искусства ; Редкол.: Б.В. Нешумов (отв. ред.) и др.
260 ## - PUBLICATION, DISTRIBUTION, ETC.
Place of publication, distribution, etc. Москва :
Name of publisher, distributor, etc. Изд. МГПИ им. В.И. Ленина,
Date of publication, distribution, etc. 1976.
300 ## - PHYSICAL DESCRIPTION
Extent 25 с. [29 лист ил.].
650 14 - SUBJECT ADDED ENTRY--TOPICAL TERM
Topical term or geographic name entry element Основы художественного конструирования
700 1# - ADDED ENTRY--PERSONAL NAME
Personal name Нешумов, Б.В.
Relator term ред.
Relationship edt
710 2# - ADDED ENTRY--CORPORATE NAME
Corporate name or jurisdiction name as entry element Министерство просвещения РСФСР
710 2# - ADDED ENTRY--CORPORATE NAME
Corporate name or jurisdiction name as entry element Московский Государственный педагогический институт имени В.И. Ленина
Subordinate unit Кафедра прикладного искусства
Holdings
Withdrawn status Lost status Damaged status Not for loan Collection Home library Current library Date acquired Total checkouts Full call number Barcode Date last seen Price effective from Koha item type Public note
        General Fundamental Scientific Library Fundamental Scientific Library 22/12/2016   PIII/40679 FL0381291 22/12/2016 22/12/2016 Գրքեր / Books 30 Days Loan


ՀՀ ԳԱԱ հիմնարար գիտական գրադարան
ՀՀ,Երևան 0019
Մարշալ Բաղրամյան 24/6
հեռախոս:(374-10) 52-47-50
Հետադարձ կապ

All site content, except where otherwise noted, is licensed under a
Creative Commons License